| 000 | 00484nam a2200181Ia 4500 | ||
|---|---|---|---|
| 001 | 17582 | ||
| 005 | 20260306171528.0 | ||
| 008 | 260306s9999||||xx |||||||||||||| ||und|| | ||
| 041 | _aESP | ||
| 082 |
_a658.05 _bA156 |
||
| 100 |
_aAmor, Daniel _eAUT |
||
| 245 | 0 |
_aLa (r)evolución e-business: _bclaves para vivir y trabajar en un mundo interconectado |
|
| 260 | _c2000 | ||
| 300 |
_axviii, 628 páginas : _c23 cm. |
||
| 650 | _aGEN | ||
| 654 | _aCAN | ||
| 942 |
_cLIB _dJUS _fJUS _2ddc _n |
||
| 999 |
_c17582 _d17582 |
||